| 000 | 00406nam a22001337a 4500 | ||
|---|---|---|---|
| 082 |
_a154 _bDEV/T |
||
| 100 | _aDEVASSIA, MANU | ||
| 245 | _aTRANSIENT PENDULUM:Transforming time in to Triumph | ||
| 246 |
_aTRANSIENT PENDULUM:Transforming time in to Triumph _bTRANSIENT PENDULUM:Transforming time in to Triumph |
||
| 260 |
_aJAIPUR _bPAPER TOWN _c2023 |
||
| 300 | _a97 | ||
| 650 | _aINSPIRATIONAL | ||
| 942 | _cBK | ||
| 999 |
_c9078 _d9078 |
||